| 000 | 00382nam a2200169Ia 4500 | ||
|---|---|---|---|
| 003 | 0STCL | ||
| 008 | 150530s9999 xx 000 0 und d | ||
| 040 |
_aSTCL _cSTCL |
||
| 100 | _aSankara Pillai, A. | ||
| 245 | _aSahityamrutham | ||
| 260 |
_bB.V. Books; Trivandrum _c1930 |
||
| 300 | _a0 | ||
| 546 | _aMalayalam | ||
| 942 |
_2ddc _cBK |
||
| 999 |
_c46815 _d46815 |
||
| 005 | 20220125170715.0 | ||